00682nam a2200205Ia 4500003000900000008004100009040001600050080001800066100002600084245006900110260003200179300001000211650004100221650003300262650003100295650003100326942000700357999001700364952009500381IN-BaIIA211028s9999 xx 000 0 eng d cIIA Library a51:62+53bPIP aPipes, Louis A933879 0aApplied mathematics for engineers and physicistscLouis A. Pipes aNew YorkbMcGraw-Hillc1946 a618p. aAstronomy and astrophysics thesaurus aAtlas - solar Spectrum93118 aSolar spectrum Atlas93119 aSpectral resolution913072 cBK c18689d18689 00104070aBANbKODcGENd2013-05-07l0o51:62+53/ PIPp19611r2021-11-05w2013-05-07yBK